| 000 | 00901cam a2200301 i 4500 | ||
|---|---|---|---|
| 999 |
_c200442518 _d60730 |
||
| 003 | TR-AnTOB | ||
| 005 | 20221110113730.0 | ||
| 007 | ta | ||
| 008 | 180322s1967 tu 000 0 tur | ||
| 040 |
_aTR-AnTOB _beng _erda _cTR-AnTOB |
||
| 041 | 0 | _atur | |
| 050 | 4 |
_aHD1332 _b.T37 1967 |
|
| 090 |
_aHD1332 _b.T37 1967 |
||
| 245 | 0 | 0 | _aTarım reformu. |
| 264 | 1 |
_aAnkara : _bTürkiye Ziraatcılar Cemiyeti, _c1967. |
|
| 300 |
_a170 pages ; _c24 cm |
||
| 336 |
_2rdacontent _atext _btxt |
||
| 337 |
_2rdamedia _aunmediated _bn |
||
| 338 |
_2rdacarrier _avolume _bnc |
||
| 490 | 0 |
_aTürkiye Ziraatcılar Cemiyeti Yayınları ; _vno. 7 |
|
| 504 | _aBIB | ||
| 650 | 7 |
_aToprak reformu _2etuturkob _9139171 |
|
| 650 | 7 |
_aToprak reformu _zTürkiye _2etuturkob _9100661 |
|
| 710 | 2 |
_aTürkiye Ziraatçılar Cemiyeti _9131815 |
|
| 942 |
_2lcc _cBK |
||